Equipes onde atuavam os jogadores brasileiros campeões do mundo em 2002 - Statistics

Estatísticas Gerais
  • Esse quiz foi jogado 191 vezes
  • A pontuação média é 19 de 23
Estatísticas das Respostas
Jogador Posição Equipe % Correto
Rivaldo Atacante Barcelona
99%
Marcos Goleiro Palmeiras
99%
Roberto Carlos Lateral Real Madrid
99%
Rogério Ceni Goleiro São Paulo
98%
Belletti Lateral São Paulo
98%
Kaká Meia São Paulo
98%
Dida Goleiro Corinthians
95%
Vampeta Meia Corinthians
95%
Ricardinho Meia Corinthians
95%
Ronaldo Atacante Internazionale
95%
Roque Júnior Zagueiro Milan
95%
Ronaldinho Meia Paris Saint-German
90%
Cafu Lateral Roma
82%
Juninho Paulista Meia Flamengo
80%
Anderson Polga Zagueiro Grêmio
80%
Luizão Atacante Grêmio
80%
Denilson Atacante Real Betis
73%
Edílson Atacante Cruzeiro
71%
Gilberto Silva Meia Atlético Mineiro
64%
Kléberson Meia Atlético Paranaense
59%
Lúcio Zagueiro Bayer Leverkusen
53%
Edmilson Zagueiro Olympique Lyonnais
46%
Júnior Lateral Parma
32%
Nenhum quiz correspondente encontrado
Distribuição das Pontuações
Porcentagem de Pessoas com Cada Pontuação
Percentil de Números Respondidos
Sua Pontuação Histórica
Você não jogou esse quiz